Game show italiani - indovina il programma TV dall'indizio - Statistics

Statistiche generali
  • Questo quiz è stato fatto 160 volte
  • Il punteggio medio è 8 su 14
Statistiche sulle risposte
Indizio Game show % Corretto
Lo iettatore Avanti un altro!
85%
Ghigliottina L'eredità
83%
3 indizi, 8 identità Soliti ignoti
72%
Uomo gatto Sarabanda
69%
Botola Caduta libera
68%
"La accendiamo?" Chi vuol essere milionario?
66%
"Scavicchi ma non apra" Affari tuoi
64%
"Non cincischi!" Ciao Darwin
62%
Mike Bongiorno ne fu storico conduttore La ruota della fortuna
47%
Gatta nera Il mercante in fiera
45%
"Il valore dell'ultima parola è..." Reazione a catena
45%
Letterine Passaparola
43%
Il peggior programma per un comico LOL - Chi ride è fuori
22%
Tra gli indizi vi sono: il Ricordo, il VIP e lo Zoom Guess My Age - Indovina l'età
17%
Nessun quiz corrispondente trovato
Distribuzione punteggi
Percentuale di utenti per punteggio
Percentile per numero di risposta
I tuoi punteggi nel tempo
Non hai fatto questo quiz